<?xml version="1.0" encoding="UTF-8"?>
<marc:record xmlns:marc="http://www.loc.gov/MARC21/slim">
   <marc:leader>00000nam a2200000 a 4500</marc:leader>
   <marc:datafield ind1="1" ind2=" " tag="100">
      <marc:subfield code="a">Bergmann, Heide</marc:subfield>
      <marc:subfield code="4">aut</marc:subfield>
      <marc:subfield code="e">Verfasser/-in</marc:subfield>
   </marc:datafield>
   <marc:datafield ind1=" " ind2=" " tag="653">
      <marc:subfield code="a">Duftplanzen</marc:subfield>
   </marc:datafield>
   <marc:datafield ind1="0" ind2="0" tag="245">
      <marc:subfield code="a">Duftpflanzen auf Balkon und Terasse</marc:subfield>
   </marc:datafield>
   <marc:datafield ind1="0" ind2="0" tag="245">
      <marc:subfield code="c">Heide Bergmann; Fotos von Jutta Schneider und Michael Will</marc:subfield>
   </marc:datafield>
   <marc:datafield ind1=" " ind2="1" tag="264">
      <marc:subfield code="a">München</marc:subfield>
      <marc:subfield code="b">Gräfe u. Unzer</marc:subfield>
      <marc:subfield code="c">2009</marc:subfield>
   </marc:datafield>
   <marc:datafield ind1="1" ind2=" " tag="490">
      <marc:subfield code="a">GU Pflanzenratgeber</marc:subfield>
   </marc:datafield>
   <marc:datafield ind1=" " ind2=" " tag="250">
      <marc:subfield code="a">1. Aufl.</marc:subfield>
   </marc:datafield>
   <marc:datafield ind1="1" ind2=" " tag="520">
      <marc:subfield code="a">Mit geeigneten Duftpflanzen lässt sich jeder Balkon und jede Terrasse in eine Duftoase verwandeln. Zwischen Rosen und Lavendel können Sie auf der Terrasse Entspannung finden oder noch in später Nacht ein Duftbukett aus Nachtkerze, Mondviole, Geißblatt und Jasmin auf dem Balkon genießen. Ob Gehölze, Stauden, Zwiebelblumen oder Ein- und Zweijährige - die Autorin gibt fundierte Tipps zur Auswahl geeigneter Duftpflanzen sowie praxisnahe Ratschläge zur Wahl von Pflanzgefäßen und Substraten, zum Gießen, Düngen und zum Schnitt von Duftpflanzen für Balkon und Terrasse. Zusätzliche Anregungen zum Herstellen von Duftölen, Potpourris, Trockensträußen oder Badezusätzen ermöglichen es, die sommerlichen Dufterlebnisse für die kalte Jahreszeit zu konservieren.</marc:subfield>
   </marc:datafield>
   <marc:datafield ind1=" " ind2=" " tag="020">
      <marc:subfield code="a">9783833813719</marc:subfield>
      <marc:subfield code="9">9783833813719</marc:subfield>
   </marc:datafield>
   <marc:datafield ind1=" " ind2=" " tag="020">
      <marc:subfield code="a">3833813717</marc:subfield>
      <marc:subfield code="9">3833813717</marc:subfield>
   </marc:datafield>
   <marc:datafield ind1=" " ind2=" " tag="300">
      <marc:subfield code="a">64 S. : zahlr. Ill.</marc:subfield>
   </marc:datafield>
</marc:record>
